Giáo trình luật hình sự 3

Giáo trình trình bày các vấn đề về xác định tội danh và phương pháp xác định tội danh, khung hình phạt. Các tội phạm xâm phạm an ninh quốc gia, các tội xâm phạm tính mạng, sức khoẻ, nhân phẩm, danh dự của con người,......

Descripció completa

Guardat en:
Dades bibliogràfiques
Autor principal: Phạm, Văn Beo
Format: Llibre
Idioma:Undetermined
Publicat: Cần Thơ Trường Đại học Cần Thơ 2008
Matèries:
Etiquetes: Afegir etiqueta
Sense etiquetes, Sigues el primer a etiquetar aquest registre!
Thư viện lưu trữ: Trung tâm Học liệu Trường Đại học Cần Thơ
LEADER 00917nam a2200205Ia 4500
001 CTU_143073
008 210402s9999 xx 000 0 und d
082 |a 345.597 
082 |b B205/T.3 
100 |a Phạm, Văn Beo 
245 0 |a Giáo trình luật hình sự 3 
245 0 |c Phạm Văn Beo 
260 |a Cần Thơ 
260 |b Trường Đại học Cần Thơ 
260 |c 2008 
520 |a Giáo trình trình bày các vấn đề về xác định tội danh và phương pháp xác định tội danh, khung hình phạt. Các tội phạm xâm phạm an ninh quốc gia, các tội xâm phạm tính mạng, sức khoẻ, nhân phẩm, danh dự của con người,... 
650 |a Criminal law,Luật hình sự Việt Nam 
650 |z Vietnam 
904 |i Năm 
980 |a Trung tâm Học liệu Trường Đại học Cần Thơ